[Event "Tournoi francophone 018C"]
[Site "Skype"]
[Date "????.??.??"]
[Round "1.1"]
[White "Guillaume, Mickael"]
[Black "Salvi, Angele"]
[Result "1-0"]
[WhiteElo "1106"]
[BlackElo "1175"]
[PlyCount "35"]

1. e4 g6 2. d4 Bg7 3. Nf3 e6 4. Be3 Ne7 5. Qd2 O-O 6. Bh6 b6 7. Bd3 Bb7 8. c4
d6 9. Nc3 Nd7 10. O-O f5 11. Rfe1 Rf7 12. d5 Nc5 13. Bxg7 Nxd3 14. dxe6 Rxg7
15. Qxd3 Nc6 16. exf5 Qf6 17. Nd5 Nb4 18. Nxf6+ 1-0

[Event "Tournoi francophone 018C"]
[Site "Skype"]
[Date "????.??.??"]
[Round "1.2"]
[White "Vasquez Cienfuegos, Oscar"]
[Black "Fouques Duparc, Paulin"]
[Result "0-1"]
[WhiteElo "1490"]
[BlackElo "1197"]
[PlyCount "62"]

1. e4 Nf6 2. Nc3 e5 3. Nf3 Nc6 4. Bc4 Nxe4 5. Bxf7+ Kxf7 6. Nxe4 d5 7. Nfg5+
Kg8 8. Qh5 Qe7 9. Ng3 Nd4 10. O-O Nxc2 11. Rb1 g6 12. Qd1 Qxg5 13. d3 Qd8 14.
Qxc2 c6 15. Re1 Qd6 16. Qb3 Kg7 17. Qc3 Be7 18. Qxe5+ Qxe5 19. Rxe5 Bf6 20. Re1
b6 21. b3 Ba6 22. Rd1 Rhf8 23. Bb2 d4 24. Ne2 c5 25. Nf4 Bc8 26. h3 Bh4 27. Rf1
Rxf4 28. g3 Bxg3 29. fxg3 Rxf1+ 30. Rxf1 Bxh3 31. a3 Bxf1 0-1

[Event "Tournoi francophone 018C"]
[Site "Skype"]
[Date "????.??.??"]
[Round "1.3"]
[White "Le Brun, Yves"]
[Black "Wenckstern, Roberto"]
[Result "1-0"]
[WhiteElo "1321"]
[BlackElo "1200"]
[PlyCount "43"]

1. d4 Nf6 2. c4 e6 3. Nf3 g6 4. Bg5 d6 5. Qd2 Bg7 6. Nc3 O-O 7. e4 c5 8. e5
cxd4 9. Bxf6 Bxf6 10. Ne4 Bxe5 11. Nxe5 dxe5 12. h4 Nc6 13. a3 Qa5 14. Qxa5
Nxa5 15. h5 f6 16. b4 Nc6 17. hxg6 hxg6 18. Bd3 Ne7 19. Kd2 Bd7 20. Rh3 Bc6 21.
Rah1 Kg7 22. Rh7+ 1-0

[Event "Tournoi francophone 018C"]
[Site "Skype"]
[Date "????.??.??"]
[Round "1.4"]
[White "Castellanos Gonzalez, Mariano"]
[Black "Rochette, Mathieu"]
[Result "0-1"]
[WhiteElo "1450"]
[BlackElo "1400"]
[PlyCount "36"]

1. e4 d5 2. e5 c5 3. c3 e6 4. d4 Nc6 5. Be2 cxd4 6. cxd4 Qb6 7. Nf3 Nge7 8. O-O
Nf5 9. Qb3 Qxb3 10. axb3 Nfxd4 11. Nxd4 Nxd4 12. Bd1 g6 13. Be3 Nc6 14. Nc3 Bg7
15. f4 O-O 16. Nb5 a6 17. Nc7 Rb8 18. Nxe6 Bxe6 0-1

[Event "Tournoi francophone 018C"]
[Site "Skype"]
[Date "????.??.??"]
[Round "1.5"]
[White "Garcia De La Calva, Juan Ramon"]
[Black "Roman, Sylvian"]
[Result "1-0"]
[WhiteElo "1300"]
[BlackElo "1272"]
[PlyCount "61"]

1. e4 c5 2. Nf3 d6 3. d4 cxd4 4. c3 dxc3 5. Nxc3 a6 6. Bc4 e6 7. O-O Be7 8. e5
b5 9. Bb3 Nc6 10. exd6 Bxd6 11. a4 b4 12. Ne4 Be7 13. Qc2 Bb7 14. Rd1 Qc7 15.
g3 Nf6 16. Bf4 Qc8 17. Rac1 O-O 18. Nfg5 g6 19. Nd6 Bxd6 20. Bxd6 Rd8 21. Qe2
Rd7 22. Nxe6 Qe8 23. Qf3 Nh5 24. Nc7 Ne5 25. Qxb7 Rxc7 26. Rxc7 Rb8 27. Qe4 Nf6
28. Qxe5 Qxe5 29. Bxe5 Rb6 30. Bxf6 Rxf6 31. Rdd7 1-0

[Event "Tournoi francophone 018C"]
[Site "Skype"]
[Date "????.??.??"]
[Round "2.1"]
[White "Salvi, Angele"]
[Black "Roman, Sylvian"]
[Result "0-1"]
[WhiteElo "1175"]
[BlackElo "1272"]
[PlyCount "58"]

1. e4 e5 2. Nf3 Nc6 3. d4 exd4 4. Nxd4 Nf6 5. Nc3 Bc5 6. Nf5 O-O 7. Be2 Re8 8.
Ng3 d6 9. O-O Nd4 10. Bd3 Bg4 11. Nge2 Nxe2+ 12. Bxe2 Qd7 13. Bxg4 Qxg4 14.
Qxg4 Nxg4 15. Kh1 Nxf2+ 16. Kg1 Nxe4+ 17. Kh1 Nxc3 18. bxc3 Re2 19. a4 Rae8 20.
Ba3 Bxa3 21. Rxa3 Rxc2 22. Rb3 b6 23. Kg1 Ree2 24. Rd1 Rxg2+ 25. Kf1 Rxh2 26.
Kg1 f5 27. c4 f4 28. Rf3 g5 29. Rdf1 Rcg2# 0-1

[Event "Tournoi francophone 018C"]
[Site "Skype"]
[Date "????.??.??"]
[Round "2.2"]
[White "Rochette, Mathieu"]
[Black "Garcia De La Calva, Juan Ramon"]
[Result "1-0"]
[WhiteElo "1400"]
[BlackElo "1300"]
[PlyCount "55"]

1. d4 d5 2. Nf3 g6 3. c4 Nf6 4. Nc3 Bg7 5. e3 O-O 6. Bd3 Bg4 7. O-O Nbd7 8. h3
Bxf3 9. Qxf3 c6 10. cxd5 c5 11. dxc5 Nxc5 12. Bc4 Rc8 13. Qe2 a6 14. a3 b5 15.
Ba2 Re8 16. e4 e5 17. Bg5 Qd6 18. Qe3 Nh5 19. g4 Nf6 20. f4 h6 21. fxe5 Qxe5
22. Bf4 Qe7 23. d6 Qd7 24. e5 g5 25. Bg3 Nxg4 26. hxg4 Ne6 27. Nd5 Rc6 28. Ne7+
1-0

[Event "Tournoi francophone 018C"]
[Site "Skype"]
[Date "????.??.??"]
[Round "2.3"]
[White "Wenckstern, Roberto"]
[Black "Castellanos Gonzalez, Mariano"]
[Result "0-1"]
[WhiteElo "1200"]
[BlackElo "1450"]
[PlyCount "44"]

1. c4 Nf6 2. d4 g6 3. b3 Bg7 4. Bb2 d6 5. Nf3 Nbd7 6. d5 O-O 7. Nbd2 e5 8. e4
Nc5 9. Nxe5 dxe5 10. Bxe5 Re8 11. Bd4 Ncxe4 12. Nxe4 Nxe4 13. Be2 Nxf2 14. Kxf2
Qh4+ 15. g3 Qxd4+ 16. Qxd4 Bxd4+ 17. Kf3 Bxa1 18. Rxa1 Bg4+ 19. Kxg4 Rxe2 20.
Kg5 Rae8 21. h4 R8e5+ 22. Kh6 Rh5# 0-1

[Event "Tournoi francophone 018C"]
[Site "Skype"]
[Date "????.??.??"]
[Round "2.4"]
[White "Fouques Duparc, Paulin"]
[Black "Le Brun, Yves"]
[Result "1-0"]
[WhiteElo "1197"]
[BlackElo "1321"]
[PlyCount "33"]

1. e4 c6 2. d4 d5 3. e5 Bf5 4. Bd3 Bxd3 5. Qxd3 e6 6. Nf3 Be7 7. c4 Bb4+ 8. Nc3
Ne7 9. Bg5 Nd7 10. O-O Nf8 11. cxd5 Bxc3 12. d6 Bb4 13. Bxe7 Qd7 14. Ng5 Ng6
15. Qf3 Nxe7 16. Qxf7+ Kd8 17. Nxe6+ 1-0

[Event "Tournoi francophone 018C"]
[Site "Skype"]
[Date "????.??.??"]
[Round "2.5"]
[White "Guillaume, Mickael"]
[Black "Vasquez Cienfuegos, Oscar"]
[Result "0-1"]
[WhiteElo "1106"]
[BlackElo "1490"]
[PlyCount "58"]

1. e4 c6 2. d4 d5 3. e5 Bf5 4. Bd3 Bxd3 5. Qxd3 e6 6. c4 Nd7 7. Nf3 h6 8. a3
Ne7 9. Nc3 dxc4 10. Qxc4 Nb6 11. Qd3 Nf5 12. b4 Be7 13. Bf4 O-O 14. g4 Nh4 15.
Rg1 Ng6 16. Bd2 Nd5 17. Ne2 Qd7 18. g5 h5 19. h4 b6 20. a4 Bxb4 21. Nc3 Rfd8
22. Rh1 c5 23. Nb5 Bxd2+ 24. Kxd2 Nge7 25. Nd6 g6 26. Nh2 Nc8 27. Ne4 cxd4 28.
Qxd4 Qe7 29. Ke2 Nf4+ 0-1

[Event "Tournoi francophone 018C"]
[Site "Skype"]
[Date "????.??.??"]
[Round "3.1"]
[White "Vasquez Cienfuegos, Oscar"]
[Black "Salvi, Angele"]
[Result "1-0"]
[WhiteElo "1490"]
[BlackElo "1175"]
[PlyCount "55"]

1. c4 e6 2. g3 d5 3. cxd5 Qxd5 4. Nf3 Be7 5. Nc3 Qd8 6. Bg2 Nc6 7. O-O Nf6 8.
d4 O-O 9. Bf4 Nd5 10. Nxd5 exd5 11. Rc1 Qd7 12. Re1 Bb4 13. Bd2 Ba5 14. Bc3 Bb6
15. e3 Qg4 16. Ne5 Qxd1 17. Rexd1 Be6 18. Nd3 Rfd8 19. a3 Ne7 20. Nf4 Bg4 21.
Re1 c5 22. dxc5 Bxc5 23. Bxg7 Rac8 24. Bf6 Rc7 25. Bxe7 Rdd7 26. Bxc5 b6 27.
Bd4 Rb7 28. Rc8+ 1-0

[Event "Tournoi francophone 018C"]
[Site "Skype"]
[Date "????.??.??"]
[Round "3.2"]
[White "Le Brun, Yves"]
[Black "Guillaume, Mickael"]
[Result "0-1"]
[WhiteElo "1321"]
[BlackElo "1106"]
[PlyCount "64"]

1. d4 d5 2. Bf4 e6 3. e3 Bd6 4. Bxd6 Qxd6 5. a3 Nf6 6. Bd3 c5 7. c3 Nc6 8. Nd2
O-O 9. Ngf3 e5 10. dxe5 Nxe5 11. h3 Nxd3+ 12. Kf1 Nxb2 13. Qc2 Qa6+ 14. Kg1 Nc4
15. a4 Bf5 16. Qxf5 Nxd2 17. Nxd2 b5 18. Nb3 Rac8 19. axb5 Qxb5 20. Qc2 a6 21.
Kh2 Rfe8 22. Ra5 Qb8+ 23. g3 Ne4 24. Nc1 Nxg3 25. fxg3 Rxe3 26. Rg1 Rce8 27.
Rg2 h5 28. Ne2 h4 29. Ra2 hxg3+ 30. Kg1 d4 31. cxd4 cxd4 32. Nxd4 Re1# 0-1

[Event "Tournoi francophone 018C"]
[Site "Skype"]
[Date "????.??.??"]
[Round "3.3"]
[White "Castellanos Gonzalez, Mariano"]
[Black "Fouques Duparc, Paulin"]
[Result "1-0"]
[WhiteElo "1450"]
[BlackElo "1197"]
[PlyCount "59"]

1. d4 Nf6 2. e3 b6 3. Bd3 Bb7 4. Nf3 e6 5. O-O c5 6. c3 Bd6 7. Nbd2 Qc7 8. Re1
Ng4 9. Nf1 Nc6 10. e4 O-O-O 11. h3 h5 12. e5 Be7 13. hxg4 hxg4 14. Ng5 Bxg5 15.
Bxg5 Ne7 16. Bxe7 Bxg2 17. Kxg2 Qc6+ 18. Be4 Qc7 19. Bd6 Qxd6 20. exd6 Rh6 21.
Qxg4 Rdh8 22. Qf3 f5 23. Ba8 Rg6+ 24. Ng3 Kd8 25. Qb7 Ke8 26. Qc8+ Kf7 27.
Qxd7+ Kf6 28. Qxe6+ Kg5 29. f4+ Kxf4 30. Qxf5# 1-0

[Event "Tournoi francophone 018C"]
[Site "Skype"]
[Date "????.??.??"]
[Round "3.4"]
[White "Garcia De La Calva, Juan Ramon"]
[Black "Wenckstern, Roberto"]
[Result "1-0"]
[WhiteElo "1300"]
[BlackElo "1200"]
[PlyCount "43"]

1. e4 e5 2. Nf3 Nc6 3. d4 Nxd4 4. Bc4 Bd6 5. Nxd4 exd4 6. O-O Nf6 7. Re1 Be5 8.
f4 d6 9. fxe5 dxe5 10. Bg5 Qd6 11. Bxf6 gxf6 12. Nd2 Rg8 13. Qh5 Rg7 14. Rf1
Bg4 15. Qh6 Qf8 16. Rxf6 O-O-O 17. Raf1 Be6 18. Bxe6+ Kb8 19. Nf3 Rd6 20. Nxe5
Rxg2+ 21. Kxg2 Qg8+ 22. Bg4 1-0

[Event "Tournoi francophone 018C"]
[Site "Skype"]
[Date "????.??.??"]
[Round "3.5"]
[White "Roman, Sylvian"]
[Black "Rochette, Mathieu"]
[Result "0-1"]
[WhiteElo "1272"]
[BlackElo "1400"]
[PlyCount "74"]

1. e4 d5 2. exd5 Qxd5 3. Nc3 Qd8 4. d4 Nf6 5. Nf3 Bg4 6. Be2 e6 7. O-O Be7 8.
Re1 O-O 9. Ne5 Bxe2 10. Rxe2 c6 11. Re3 Nbd7 12. Rg3 Qc7 13. Bh6 Nxe5 14. Bxg7
Ng6 15. Bxf6 Bxf6 16. Ne4 Bg7 17. Qf3 Bxd4 18. Ng5 Qe5 19. Qh5 Qg7 20. c3 Bf6
21. Ne4 Rfd8 22. Qf3 Be5 23. Rh3 Rd7 24. Kf1 Rad8 25. Nc5 Rd5 26. Nb3 Bc7 27.
Nd4 c5 28. Nb5 Rf5 29. Qxb7 Qf6 30. Qxc7 Rxf2+ 31. Kg1 Rdd2 32. Qb8+ Kg7 33.
Rg3 Rxb2 34. Qe8 Qe5 35. Qc6 Rbe2 36. Qd6 Re1+ 37. Kxf2 Qe2# 0-1

[Event "Tournoi francophone 018C"]
[Site "Skype"]
[Date "????.??.??"]
[Round "4.1"]
[White "Salvi, Angele"]
[Black "Rochette, Mathieu"]
[Result "0-1"]
[WhiteElo "1175"]
[BlackElo "1400"]
[PlyCount "80"]

1. e4 d5 2. Nf3 dxe4 3. Qe2 exf3 4. Qxf3 c6 5. Nc3 Nf6 6. d3 e6 7. Be3 Bd6 8.
O-O-O O-O 9. Qe2 Nbd7 10. g3 Nd5 11. Nxd5 exd5 12. Bg2 Re8 13. Qd2 Qf6 14. d4
h6 15. Rhf1 Nb6 16. b3 Ba3+ 17. Kb1 Bf5 18. Ka1 c5 19. c3 cxd4 20. Bxd4 Qd6 21.
f3 Re7 22. Rf2 Rae8 23. Bf1 Nd7 24. b4 a5 25. g4 Bg6 26. Bd3 axb4 27. Qc2 Bxd3
28. Qxd3 bxc3 29. Bxc3 Bc5 30. Rg2 Nb6 31. Qc2 d4 32. Bb2 Re1 33. Rgd2 Rxd1+
34. Qxd1 Nc4 35. Re2 Rxe2 36. Qxe2 Nxb2 37. Kxb2 Ba3+ 38. Kb1 Qb4+ 39. Kc2 Qc3+
40. Kd1 Qc1# 0-1

[Event "Tournoi francophone 018C"]
[Site "Skype"]
[Date "????.??.??"]
[Round "4.2"]
[White "Wenckstern, Roberto"]
[Black "Roman, Sylvian"]
[Result "0-1"]
[WhiteElo "1200"]
[BlackElo "1272"]
[PlyCount "57"]

1. c4 e5 2. e4 c5 3. Nf3 d6 4. Be2 Nf6 5. a3 a5 6. Nc3 Be7 7. O-O Nc6 8. Nd5
Nxe4 9. Nxe7 Qxe7 10. Bd3 Nf6 11. Ng5 h6 12. Nh3 Bxh3 13. gxh3 Qe6 14. Qf3 O-O
15. b3 e4 16. Bxe4 Qxe4 17. Qxe4 Nxe4 18. d3 Ng5 19. Kg2 Nd4 20. Bf4 Nf5 21.
Rab1 Ne6 22. b4 Nxf4+ 23. Kf3 Ne6 24. bxc5 Nxc5 25. d4 Nxd4+ 26. Ke3 Nc2+ 27.
Kf3 Rfe8 28. Rfd1 Re6 29. Rxb7 0-1

[Event "Tournoi francophone 018C"]
[Site "Skype"]
[Date "????.??.??"]
[Round "4.3"]
[White "Fouques Duparc, Paulin"]
[Black "Garcia De La Calva, Juan Ramon"]
[Result "0-1"]
[WhiteElo "1197"]
[BlackElo "1300"]
[PlyCount "50"]

1. e4 c5 2. f4 d6 3. Nf3 Nf6 4. Nc3 a6 5. d4 cxd4 6. Nxd4 e6 7. Be3 Be7 8. Bd3
O-O 9. g4 Nbd7 10. h4 e5 11. Nf3 Nxg4 12. Bd2 Qb6 13. Qe2 Ndf6 14. O-O-O Bd7
15. Rhg1 Rac8 16. f5 Qc7 17. Nd5 Nxd5 18. Rxg4 Nf6 19. Rg2 Bb5 20. Bh6 Nh5 21.
Bxb5 axb5 22. Qxb5 Kh8 23. Be3 Qc6 24. Qe2 Qxe4 25. Nd2 Qxc2# 0-1

[Event "Tournoi francophone 018C"]
[Site "Skype"]
[Date "????.??.??"]
[Round "4.4"]
[White "Guillaume, Mickael"]
[Black "Castellanos Gonzalez, Mariano"]
[Result "0-1"]
[WhiteElo "1106"]
[BlackElo "1450"]
[PlyCount "66"]

1. e4 d6 2. d4 Nf6 3. Nc3 g6 4. Be3 Bg7 5. Nf3 Nbd7 6. Bc4 c5 7. h3 a6 8. a3 b5
9. Ba2 Qa5 10. O-O O-O 11. dxc5 dxc5 12. Qc1 b4 13. axb4 Qxb4 14. Ng5 Bb7 15.
Bd5 Nxd5 16. exd5 Bxc3 17. bxc3 Qxc3 18. Rd1 Nf6 19. d6 exd6 20. Rxd6 Qe5 21.
Bf4 Qe7 22. Qb2 Nd5 23. Nf3 Nxf4 24. Rad1 Bxf3 25. gxf3 Nxh3+ 26. Kg2 Nf4+ 27.
Kf1 Qg5 28. Qf6 Qg2+ 29. Ke1 Qg1+ 30. Kd2 Qxf2+ 31. Kc1 Ne2+ 32. Kb2 Rab8+ 33.
Rb6 Nd4 0-1

[Event "Tournoi francophone 018C"]
[Site "Skype"]
[Date "????.??.??"]
[Round "4.5"]
[White "Vasquez Cienfuegos, Oscar"]
[Black "Le Brun, Yves"]
[Result "0-1"]
[WhiteElo "1490"]
[BlackElo "1321"]
[PlyCount "136"]

1. c4 b6 2. g3 Bb7 3. Nf3 e6 4. Bg2 Nf6 5. O-O Bc5 6. d4 Bd6 7. Nc3 O-O 8. Re1
Ne4 9. Nb5 Bb4 10. Nd2 Bxd2 11. Bxd2 a6 12. Qc2 d5 13. cxd5 exd5 14. Nc3 Nxc3
15. Bxc3 Nd7 16. e4 dxe4 17. Bxe4 Bxe4 18. Rxe4 Nf6 19. Rh4 Qd5 20. Re1 Rfe8
21. Re5 Qd7 22. Kg2 c6 23. Bd2 g6 24. Bh6 Rxe5 25. dxe5 Qd5+ 26. f3 Nd7 27. Qd2
Qxd2+ 28. Bxd2 Nxe5 29. Re4 f6 30. Bc3 Kf7 31. Bxe5 fxe5 32. Rxe5 Rd8 33. Re2
c5 34. Rc2 Rd4 35. b3 a5 36. g4 Kf6 37. Kf2 g5 38. h3 Rd1 39. Kg2 h6 40. Re2
Rd6 41. Kg3 b5 42. h4 Rd3 43. hxg5+ hxg5 44. Rc2 Rd5 45. Kf2 Re5 46. Rd2 Ke6
47. Kg3 Re3 48. Kf2 Rc3 49. Re2+ Kd5 50. Rd2+ Kc6 51. Ke2 c4 52. bxc4 bxc4 53.
Kf2 Kc5 54. Kg3 Rd3 55. Re2 c3 56. Rc2 Kb4 57. Kf2 Rd2+ 58. Rxd2 cxd2 59. Ke2
Kc3 60. Kd1 Kd3 61. a4 Ke3 62. f4 Kxf4 63. Kxd2 Kxg4 64. Ke2 Kg3 65. Kf1 g4 66.
Kg1 Kf3 67. Kf1 g3 68. Kg1 g2 0-1

[Event "Tournoi francophone 018C"]
[Site "Skype"]
[Date "????.??.??"]
[Round "5.1"]
[White "Le Brun, Yves"]
[Black "Salvi, Angele"]
[Result "1-0"]
[WhiteElo "1321"]
[BlackElo "1175"]
[PlyCount "75"]

1. d4 e6 2. Nf3 d5 3. Bf4 Nf6 4. h3 Be7 5. e3 O-O 6. Bd3 Bd7 7. a3 c5 8. c3 Qb6
9. Qc1 c4 10. Bc2 Nc6 11. Nbd2 Na5 12. Rb1 Qc7 13. Bxc7 Nc6 14. Ne5 Rac8 15.
Nxd7 Nxd7 16. Bg3 b5 17. f4 a5 18. b4 Nf6 19. bxa5 Na7 20. Nf3 Ne4 21. Bh4 f6
22. Bd1 Bd6 23. a4 Rb8 24. g4 Bc7 25. O-O Bxa5 26. Be1 Bc7 27. axb5 Nxb5 28.
Ba4 Ned6 29. f5 exf5 30. gxf5 Rb6 31. Bg3 Rfb8 32. Bxd6 Nxd6 33. Rxb6 Rxb6 34.
Bd7 Kf8 35. Qa3 Ke7 36. Be6 Kd8 37. Qa8+ Rb8 38. Qc6 1-0

[Event "Tournoi francophone 018C"]
[Site "Skype"]
[Date "????.??.??"]
[Round "5.2"]
[White "Castellanos Gonzalez, Mariano"]
[Black "Vasquez Cienfuegos, Oscar"]
[Result "1-0"]
[WhiteElo "1450"]
[BlackElo "1490"]
[PlyCount "59"]

1. d4 Nf6 2. e3 e6 3. Nf3 d5 4. Bd3 c6 5. Nbd2 b5 6. O-O Nbd7 7. Re1 Bb7 8. e4
dxe4 9. Nxe4 Nxe4 10. Bxe4 Nf6 11. Bg5 Be7 12. Bd3 h6 13. Bh4 Qc7 14. Rc1 Qd8
15. c4 a6 16. a4 b4 17. c5 a5 18. Bc4 O-O 19. Ne5 Nd5 20. Bg3 Rc8 21. Bd3 Nf6
22. Bb1 Qe8 23. Bh4 Nd5 24. Qd3 g6 25. Nxg6 fxg6 26. Rxe6 Nf6 27. Rce1 Rc7 28.
Bxf6 Rxf6 29. Rxf6 Kg7 30. Rxg6+ 1-0

[Event "Tournoi francophone 018C"]
[Site "Skype"]
[Date "????.??.??"]
[Round "5.3"]
[White "Garcia De La Calva, Juan Ramon"]
[Black "Guillaume, Mickael"]
[Result "0-1"]
[WhiteElo "1300"]
[BlackElo "1106"]
[PlyCount "52"]

1. e4 e5 2. Nf3 Nc6 3. d4 exd4 4. Bc4 h6 5. O-O Bc5 6. c3 d6 7. Re1 Be6 8. Bxe6
fxe6 9. Qb3 Qc8 10. cxd4 Nxd4 11. Nxd4 Bxd4 12. Qh3 Nf6 13. Qg3 Qd7 14. Nd2
O-O-O 15. Qd3 Bb6 16. b4 Ng4 17. Re3 Bxe3 18. fxe3 Rhf8 19. Nf3 Ne5 20. Qe2
Nxf3+ 21. gxf3 e5 22. a4 Qf7 23. f4 Qb3 24. b5 d5 25. a5 dxe4 26. Ba3 Rf7 0-1

[Event "Tournoi francophone 018C"]
[Site "Skype"]
[Date "????.??.??"]
[Round "5.4"]
[White "Roman, Sylvian"]
[Black "Fouques Duparc, Paulin"]
[Result "0-1"]
[WhiteElo "1272"]
[BlackElo "1197"]
[PlyCount "112"]

1. d4 Nf6 2. Bf4 c5 3. Nf3 cxd4 4. Nxd4 e5 5. Nb5 exf4 6. Nd6+ Bxd6 7. Qxd6 Qe7
8. Qxe7+ Kxe7 9. Nc3 Re8 10. O-O-O a6 11. g3 fxg3 12. hxg3 Kf8 13. Nd5 Nxd5 14.
Rxd5 Nc6 15. Rxh7 Re6 16. Rdh5 b5 17. e3 Bb7 18. Rh8+ Ke7 19. Rxa8 Bxa8 20. Rh8
Nd8 21. Bh3 Rf6 22. f4 Bf3 23. Bf1 Rd6 24. Bd3 Re6 25. Kd2 Nc6 26. a3 d5 27.
Ra8 Na5 28. Ra7+ Kf6 29. f5 Rd6 30. b4 Nc4+ 31. Bxc4 dxc4+ 32. Kc3 Bh5 33. e4
Ke5 34. Re7+ Kf6 35. e5+ Kxe7 36. exd6+ Kxd6 37. Kd4 Bg4 38. c3 Bxf5 39. Ke3
Ke5 40. Kf3 g5 41. Ke3 g4 42. Ke2 Be4 43. Ke3 Bf3 44. Kd2 Ke4 45. Kc1 f5 46.
Kd2 f4 47. gxf4 Kxf4 48. Ke1 g3 49. Kf1 g2+ 50. Kg1 Ke3 51. a4 Kd3 52. axb5
axb5 53. Kf2 Bc6 54. Kg1 Kxc3 55. Kf2 Kxb4 56. Kg1 c3 0-1

[Event "Tournoi francophone 018C"]
[Site "Skype"]
[Date "????.??.??"]
[Round "6.1"]
[White "Salvi, Angele"]
[Black "Wenckstern, Roberto"]
[Result "1-0"]
[WhiteElo "1175"]
[BlackElo "1200"]
[PlyCount "95"]

1. e4 e5 2. Nf3 Nc6 3. d4 d6 4. d5 Nce7 5. Be3 f5 6. Ng5 fxe4 7. Nxe4 Nxd5 8.
Qxd5 Nf6 9. Qd3 Nxe4 10. Qxe4 Be7 11. Nc3 c6 12. Qf3 Bg5 13. O-O-O Bxe3+ 14.
fxe3 Qf6 15. Qxf6 gxf6 16. Rxd6 O-O 17. Bc4+ Kh8 18. Ne4 Kg7 19. Rf1 f5 20. Ng3
b5 21. Nh5+ Kh8 22. Be6 Bxe6 23. Rxe6 Rae8 24. Rxc6 e4 25. g3 Rd8 26. Nf4 Rc8
27. Ra6 Rg8 28. Rxa7 Ra8 29. Rb7 Rxa2 30. Kb1 Rga8 31. Rb8+ Rxb8 32. Kxa2 b4
33. Kb3 Kg7 34. Nd5 h5 35. Rxf5 Rf8 36. Rxh5 Rh8 37. Rg5+ Kf7 38. h4 Rg8 39.
Rf5+ Ke6 40. Rh5 Rxg3 41. Kxb4 Rg8 42. Nf4+ Kd6 43. Rd5+ Ke7 44. c4 Rb8+ 45.
Kc3 Rd8 46. Re5+ Kd6 47. Rxe4 Kc5 48. Ne6+ 1-0

[Event "Tournoi francophone 018C"]
[Site "Skype"]
[Date "????.??.??"]
[Round "6.2"]
[White "Fouques Duparc, Paulin"]
[Black "Rochette, Mathieu"]
[Result "0-1"]
[WhiteElo "1197"]
[BlackElo "1400"]
[PlyCount "66"]

1. e4 d5 2. exd5 Qxd5 3. Nc3 Qd8 4. Nf3 Bg4 5. d4 Nf6 6. Bg5 e6 7. h3 Bxf3 8.
Qxf3 c6 9. O-O-O Be7 10. Bc4 O-O 11. h4 Nbd7 12. g4 h6 13. Be3 Nd5 14. Nxd5
cxd5 15. Bb3 Bxh4 16. Rdg1 Bg5 17. Qg3 Bxe3+ 18. Qxe3 Re8 19. g5 hxg5 20. Rxg5
Nf8 21. Qh3 Qxg5+ 22. Kb1 Ng6 23. Qh7+ Kf8 24. Qh2 Qf4 25. Qg1 Qxd4 26. Qg3 Qf4
27. Qc3 Rac8 28. Qa5 Qxf2 29. Ba4 Re7 30. Qb4 Qc5 31. Qg4 Rec7 32. Rh2 Qd6 33.
Rf2 Rc4 0-1

[Event "Tournoi francophone 018C"]
[Site "Skype"]
[Date "????.??.??"]
[Round "6.3"]
[White "Guillaume, Mickael"]
[Black "Roman, Sylvian"]
[Result "1/2-1/2"]
[WhiteElo "1106"]
[BlackElo "1272"]
[PlyCount "53"]

1. e4 c5 2. Nf3 d6 3. Bb5+ Bd7 4. Nc3 a6 5. Bc4 e6 6. O-O Be7 7. d3 Bc6 8. a3
b5 9. Ba2 Nf6 10. Re1 Nbd7 11. Bf4 e5 12. Ng5 O-O 13. Bxf7+ Rxf7 14. Nxf7 Kxf7
15. Be3 Nb6 16. b3 Kg8 17. f4 exf4 18. Bxf4 Bd7 19. h3 Be8 20. Qf3 Nh5 21. Be3
Bf6 22. Rf1 Qe7 23. Rad1 Bxc3 24. g4 Nf6 25. Rf2 Nbd7 26. Rdf1 Ne5 27. Qf5
1/2-1/2

[Event "Tournoi francophone 018C"]
[Site "Skype"]
[Date "????.??.??"]
[Round "6.4"]
[White "Vasquez Cienfuegos, Oscar"]
[Black "Garcia De La Calva, Juan Ramon"]
[Result "0-1"]
[WhiteElo "1490"]
[BlackElo "1300"]
[PlyCount "26"]

1. c4 e5 2. Nc3 Nc6 3. g3 Nf6 4. Bg2 Be7 5. d3 O-O 6. Nf3 d6 7. O-O Re8 8. Re1
Be6 9. e4 Rb8 10. a4 Nb4 11. b3 a6 12. Ba3 c5 13. Qc2 Nxc2 0-1

[Event "Tournoi francophone 018C"]
[Site "Skype"]
[Date "????.??.??"]
[Round "6.5"]
[White "Le Brun, Yves"]
[Black "Castellanos Gonzalez, Mariano"]
[Result "0-1"]
[WhiteElo "1321"]
[BlackElo "1450"]
[PlyCount "72"]

1. d4 Nf6 2. Bf4 g6 3. Nc3 Bg7 4. e4 d6 5. Qd2 O-O 6. O-O-O Nbd7 7. Bh6 a6 8.
h4 c5 9. d5 b5 10. f3 Qa5 11. Bxg7 Kxg7 12. Kb1 c4 13. Nce2 Qxd2 14. Rxd2 b4
15. Rd1 a5 16. Nc1 Ne5 17. Nh3 Bxh3 18. Rxh3 Nh5 19. Ne2 a4 20. g4 Nf6 21. h5
g5 22. Nd4 Rfc8 23. Nf5+ Kf8 24. Be2 a3 25. Ne3 axb2 26. Rd4 b3 27. cxb3 cxb3
28. axb3 Rc3 29. Nc4 Rxb3 30. Nxe5 dxe5 31. Rd1 Ra1+ 32. Kc2 Rxd1 33. Kxb3
b1=Q+ 34. Kc3 Rc1+ 35. Kd2 Qc2+ 36. Ke3 Qc3+ 0-1

[Event "Tournoi francophone 018C"]
[Site "Skype"]
[Date "????.??.??"]
[Round "7.1"]
[White "Castellanos Gonzalez, Mariano"]
[Black "Salvi, Angele"]
[Result "1-0"]
[WhiteElo "1450"]
[BlackElo "1175"]
[PlyCount "83"]

1. d4 e6 2. Nf3 Be7 3. e3 Nf6 4. Bd3 O-O 5. O-O b6 6. Nbd2 Bb7 7. Re1 c5 8. c3
d5 9. e4 c4 10. Bc2 b5 11. e5 Nh5 12. g4 Nf4 13. Nf1 Nh3+ 14. Kg2 Ng5 15. Ng1
Ne4 16. f3 Bh4 17. Re2 f5 18. fxe4 fxe4 19. Ng3 Nc6 20. Rf2 Rxf2+ 21. Kxf2 Qf8+
22. Kg2 Ne7 23. Nh3 Ng6 24. Bg5 Nf4+ 25. Bxf4 Qe7 26. Qe2 Rf8 27. Rf1 h6 28.
Be3 g5 29. Nh5 Kh8 30. Rxf8+ Qxf8 31. Qf1 Qf3+ 32. Qxf3 exf3+ 33. Kxf3 Bc8 34.
Bg6 a5 35. Bf2 b4 36. Bxh4 gxh4 37. N3f4 Bd7 38. Bf7 Ba4 39. Bxe6 Bd1+ 40. Ne2
Kh7 41. Bxd5 Bc2 42. Be4+ 1-0

[Event "Tournoi francophone 018C"]
[Site "Skype"]
[Date "????.??.??"]
[Round "7.2"]
[White "Garcia De La Calva, Juan Ramon"]
[Black "Le Brun, Yves"]
[Result "1-0"]
[WhiteElo "1300"]
[BlackElo "1321"]
[PlyCount "70"]

1. e4 e6 2. d4 d5 3. Nc3 dxe4 4. Nxe4 b6 5. Nf3 Bb7 6. Nfg5 Qd7 7. c3 Ba6 8.
Bxa6 Nxa6 9. O-O h6 10. Nh3 Be7 11. a4 Nf6 12. Qe2 Nb8 13. Qf3 c6 14. Re1 Nxe4
15. Rxe4 Qd5 16. Nf4 Qd6 17. Nh5 Bf8 18. Rf4 f5 19. Bd2 Nd7 20. Re1 O-O-O 21.
Qe2 g5 22. Rf3 Rh7 23. Qxe6 Qxe6 24. Rxe6 Rf7 25. b4 Nb8 26. c4 Kd7 27. Rfe3 f4
28. R3e4 Na6 29. Nf6+ Kc7 30. b5 Nb8 31. a5 c5 32. Nd5+ Kb7 33. axb6 axb6 34.
Rxb6+ Kc8 35. Ba5 cxd4 1-0

[Event "Tournoi francophone 018C"]
[Site "Skype"]
[Date "????.??.??"]
[Round "7.3"]
[White "Roman, Sylvian"]
[Black "Vasquez Cienfuegos, Oscar"]
[Result "1-0"]
[WhiteElo "1272"]
[BlackElo "1490"]
[PlyCount "23"]

1. e4 Nf6 2. e5 Nd5 3. c4 Nb6 4. d4 d6 5. Nc3 Bf5 6. Nf3 N8d7 7. Nh4 Bg6 8.
Nxg6 hxg6 9. e6 fxe6 10. Qg4 Kf7 11. Bd3 Nf6 12. Bxg6+ 1-0

[Event "Tournoi francophone 018C"]
[Site "Skype"]
[Date "????.??.??"]
[Round "7.4"]
[White "Rochette, Mathieu"]
[Black "Guillaume, Mickael"]
[Result "1-0"]
[WhiteElo "1400"]
[BlackElo "1106"]
[PlyCount "29"]

1. d4 e6 2. c4 Nf6 3. Nc3 d5 4. Nf3 Bb4 5. e3 O-O 6. Bd3 Ne4 7. Qc2 f5 8. O-O
Nd7 9. cxd5 Bxc3 10. dxe6 Bxd4 11. exd4 Ndf6 12. Bc4 Kh8 13. Rd1 Nd5 14. Ng5
Bxe6 15. Nxe6 1-0